000 00342nam a2200145Ia 4500
008 230718s9999 xx 000 0 und d
041 _aEng.
082 _a345.05
_bMUL-C
100 _aMulla , D. E.
245 0 _aCode of Criminal Procedure
260 _aPakistan
_bMansoor book house
_c2003
300 _a737
650 _aLaw
999 _c29635
_d29635